<?xml version="1.0" encoding="UTF-8"?><?xml-stylesheet type="text/xsl" href="static/style.xsl"?><OAI-PMH xmlns="http://www.openarchives.org/OAI/2.0/" xmlns:xsi="http://www.w3.org/2001/XMLSchema-instance" xsi:schemaLocation="http://www.openarchives.org/OAI/2.0/ http://www.openarchives.org/OAI/2.0/OAI-PMH.xsd"><responseDate>2026-04-17T06:50:55Z</responseDate><request verb="GetRecord" identifier="oai:www.recercat.cat:2099.1/14717" metadataPrefix="marc">https://recercat.cat/oai/request</request><GetRecord><record><header><identifier>oai:recercat.cat:2099.1/14717</identifier><datestamp>2025-07-22T23:33:57Z</datestamp><setSpec>com_2072_1033</setSpec><setSpec>col_2072_452951</setSpec></header><metadata><record xmlns="http://www.loc.gov/MARC21/slim" xmlns:dcterms="http://purl.org/dc/terms/" xmlns:xsi="http://www.w3.org/2001/XMLSchema-instance" xmlns:doc="http://www.lyncode.com/xoai" xsi:schemaLocation="http://www.loc.gov/MARC21/slim http://www.loc.gov/standards/marcxml/schema/MARC21slim.xsd">
   <leader>00925njm 22002777a 4500</leader>
   <datafield ind2=" " ind1=" " tag="042">
      <subfield code="a">dc</subfield>
   </datafield>
   <datafield ind2=" " ind1=" " tag="720">
      <subfield code="a">del Amo González, Alberto</subfield>
      <subfield code="e">author</subfield>
   </datafield>
   <datafield ind2=" " ind1=" " tag="260">
      <subfield code="c">2011-06</subfield>
   </datafield>
   <datafield ind2=" " ind1=" " tag="520">
      <subfield code="a">Tanto en el ámbito autonómico, como nacional y europeo existen una gran multitud de&#xd;
empresas que en su día a día generan residuos, los transportan para su gestión y/o los&#xd;
tratan dentro de sus propias instalaciones. Independientemente de la procedencia, cantidad&#xd;
o de su tratamiento, estos residuos, por ley, deben ser gestionados a partir de unos&#xd;
procedimientos y un control gubernamental anual que se encuentra regulado en la&#xd;
legislación.&#xd;
Estas empresas se encuentran dentro de un procedimiento legislativo que las obliga a&#xd;
registrar, notificar e informar a la autoridad competente de los diversos envíos realizados.&#xd;
Este registro diario de las salidas de residuos efectuadas, debe ser conservado y permitir&#xd;
administrar de forma eficiente la información contenida, para poder realizar la tramitación de&#xd;
carácter anual exigida por la agencia gubernamental a través de la cumplimentación de una&#xd;
declaración anual de residuos.&#xd;
Además, las empresas productoras de residuos con un fuerte arraigo en la cultura&#xd;
medioambiental, se autoimponen políticas de gestión que les obligan a tener un control&#xd;
interno de su producción de residuos, diseñar planes de mejora en la gestión, minimización y&#xd;
auditorias de calidad que permitan detectar y corregir las incidencias observadas.&#xd;
Todo este volumen de información generado durante la tramitación de los residuos, debe ser&#xd;
gestionado de forma eficaz a través de una herramienta informática que permita realizar un&#xd;
posterior análisis de los datos y ayudar a las empresas en su gestión medioambiental.&#xd;
Permitiendo realizar consultas, verificar la información, generar estadísticas y gráficos,&#xd;
permitir llevar un análisis exhaustivo y facilitar la generación de los informes obligatorios por&#xd;
la legislación en Cataluña como la declaración anual de residuos industriales.&#xd;
De esta forma, el presente proyecto se encuentra focalizado en solventar las problemáticas&#xd;
generadas en las empresas a raíz del tratamiento de los residuos, ya sea derivado de su&#xd;
control mensual o anual. Siendo necesario realizar un estudio previo de la gestión de los&#xd;
residuos industriales en el ámbito de Cataluña y con el objetivo de la creación de un sistema&#xd;
informático que permita mejorar y optimizar todo el proceso, tanto desde el registro de toda la&#xd;
información referente a la producción y gestión de los residuos, hasta el análisis y resumen&#xd;
de la información almacenada, que permita cumplir con los requisitos legales y adaptarse a&#xd;
las necesidades del productor.</subfield>
   </datafield>
   <datafield tag="653" ind2=" " ind1=" ">
      <subfield code="a">Àrees temàtiques de la UPC::Desenvolupament humà i sostenible::Política i gestió ambiental::Gestió de residus</subfield>
   </datafield>
   <datafield tag="653" ind2=" " ind1=" ">
      <subfield code="a">Àrees temàtiques de la UPC::Informàtica::Sistemes d'informació::Bases de dades</subfield>
   </datafield>
   <datafield tag="653" ind2=" " ind1=" ">
      <subfield code="a">Factory and trade waste -- Management</subfield>
   </datafield>
   <datafield tag="653" ind2=" " ind1=" ">
      <subfield code="a">Environmental management -- Databases</subfield>
   </datafield>
   <datafield tag="653" ind2=" " ind1=" ">
      <subfield code="a">Residus industrials -- Gestió</subfield>
   </datafield>
   <datafield tag="653" ind2=" " ind1=" ">
      <subfield code="a">Sistemes de gestió mediambiental</subfield>
   </datafield>
   <datafield ind2="0" ind1="0" tag="245">
      <subfield code="a">Base de datos para la gestión de residuos en la industria de Cataluña</subfield>
   </datafield>
</record></metadata></record></GetRecord></OAI-PMH>